Language Quiz

Random Language or Letter Quiz

Add a 'K' Quiz Stats

Quiz Updated Mar 4, 2015

Also try: Add a 'TH'
Challenge
Share
Tweet
Embed
Score 0/22 Timer 05:00
0 Plays Today
Clue Word % Correct
Active time for vampiresnight → knight
89.7%
Great ____ (dog)Dane → Danke
87.7%
Christmas saint, for shortNick → Knick
87.6%
Part of a superhero's costumecape → Čapek
86.8%
The Final Frontierspace → Spacek
86.7%
Descended underwatersunk → skunk
84.3%
Window ledgesill → skill
82.7%
Walking back and forthpacing → packing
80%
System underneath city streetssewer → skewer
79.4%
Event with floatsparade → parkade
78.9%
Another name for crib deathSIDS → skids
75.9%
Clue Word % Correct
Nintendo consoleWii → wiki
74.5%
Type of boat for Huck Finn or Thor Heyerdahlraft → Kraft
73.7%
Transgressorsinner → Skinner
71.2%
Small and weakpuny → Punky
70.9%
Like the White Rabbitlate → latke
65.5%
Type of tank that holds sewageseptic → skeptic
63.2%
Variation of Elvis' middle nameAron → Akron
62.5%
One who nurses a drinksipper → Skipper
60%
Carnivalfair → fakir
59.1%
Instrument for a minstrellute → Klute
56.5%
Starburst, literallynova → Novak
54.5%

You're not logged in!

Compare scores with friends on all Sporcle quizzes.
Sign Up with Email
OR
Log In

You Might Also Like...

Show Comments

Extras

Top Quizzes Today


Score Distribution

Your Account Isn't Verified!

In order to create a playlist on Sporcle, you need to verify the email address you used during registration. Go to your Sporcle Settings to finish the process.